GCC and the international relations of the Gulf (Record no. 238348)
[ view plain ]
| 000 -LEADER | |
|---|---|
| fixed length control field | 01276nam a2200301 a 4500 |
| 100 1# - MAIN ENTRY--AUTHOR NAME | |
| Personal name | Legrenzi, Matteo. |
| 245 10 - TITLE STATEMENT | |
| Title | GCC and the international relations of the Gulf |
| 260 ## - PUBLICATION, DISTRIBUTION, ETC. (IMPRINT) | |
| Place of publication | London : |
| Name of publisher | I.B. Tauris, |
| Year of publication | 2011. |
| 300 ## - PHYSICAL DESCRIPTION | |
| Number of Pages | viii, 204 p. |
| 490 1# - SERIES STATEMENT | |
| Series statement | Library of international relations ; |
| 856 40 - ELECTRONIC LOCATION AND ACCESS | |
| Uniform Resource Identifier | http://site.ebrary.com/lib/rucke/Doc?id=10522042 |
No items available.
